Statistics for Contemporary Christian Song to Artist

Click here to take the quiz!

General Stats

  • This quiz has been taken 37 times
  • The average score is 11 of 20

Answer Stats

SongArtist% Correct
I Can Only ImagineMercyMe
91%
God's Not DeadNewsboys
91%
Reckless LoveCory Asbury
81%
Good Good FatherChris Tomlin
78%
You SayLauren Daigle
72%
City On Our KneesTobyMac
69%
Voice of TruthCasting Crowns
66%
Hello, My Name IsMatthew West
66%
Fix My Eyesfor KING & COUNTRY
59%
Drops In the OceanHawk Nelson
50%
Give Me Your EyesBrandon Heath
47%
There Will Be A DayJeremy Camp
44%
Free to Be MeFrancesca Battistelli
41%
Live Like ThatSidewalk Prophets
38%
I Need A MiracleThird Day
38%
Something BeautifulNEEDTOBREATHE
31%
Dare You to MoveSwitchfoot
31%
Where I BelongBuilding 429
28%
What Faith Can DoKutless
25%
In Better HandsNatalie Grant
19%

Score Distribution

Percentile by Number Answered

Percent of People with Each Score

Your Score History

You have not taken this quiz